| 000 | 00814nmm a2200313 a 4500 | ||
|---|---|---|---|
| 003 | AR-BaBNM | ||
| 005 | 20251128203007.0 | ||
| 008 | 027019s1981 ||||||||||||||000 | spa|| | ||
| 040 | _cAR-BaBNM | ||
| 100 | 1 | _aRubianes, Carlos J. | |
| 245 | 1 | 0 |
_aManual de derecho procesal penal _n2 |
| 250 | _a1ยช ed. | ||
| 260 |
_aBuenos Aires _bEdiciones Depalma _c1981 |
||
| 300 | 1 | _axxiv, 410 p. | |
| 500 | 0 | _aIndice p. vii-xxii | |
| 500 | 0 | _aAbreviaturas p. xxiii-xxiv | |
| 650 | 4 | _aDERECHO PROCESAL | |
| 650 | 4 | _aPROCEDIMIENTO PENAL | |
| 650 | 4 | _aDERECHO PENAL | |
| 650 | 4 | _aINVESTIGACION PENAL | |
| 650 | 4 | _aPOLICIA | |
| 650 | 4 | _aCODIGO PENAL | |
| 650 | 4 | _aCODIGO CIVIL | |
| 650 | 4 | _aPRUEBAS Y TESTIMONIOS | |
| 650 | 4 | _aTESTIGOS | |
| 650 | 4 | _aLEGISLACION ARGENTINA | |
| 942 | _cBK | ||
| 998 | _cAndrea | ||
| 999 |
_c1420 _d1420 |
||